000 004770000a22001930004500
003 LK-CoMWRAF
005 20231213094728.0
008 230817t ||||| |||| 00| 0 eng d
020 _a9558938017
040 _aLK-CoMWRAF
_dLK-CoMWRAF
_eLK-CoMWRAF
041 _aeng
082 _a823
_bIIH
245 _aKeeping Ourselves Clean
260 _bDar Ul Kitab Pulications
_aColombo 04
300 _a24 p
490 _aLearn about
650 _aBooks for Children
942 _cBK
999 _c1340
_d1340